00773nam a22001937a 450000500170000001000150001702000260003203500140005803700090007208200090008124500440009025000060013426000590014027001540019930000210035394200230037499900190039795201630041620251022111452.0 aENG-144613 c599.00a9789357315241 aEN-128145 bDBAD aS21 a100 Greatest Stories for Young Children a1 aGurugrambHachette Book Publishing India Pvt.Ltdc2022 bGurugramaHachette Book Publishing India Pvt.Ltd 4th&5th Floors, Corporate Centre Plot No.94, Sector44, Gurugram Indiae122003mwww.hachetteindia.com a550p.c20cm (pb) 2ddccENhSmGREe1 c213657d213657 001040708FICaZLSbZLSd2025-10-22eDelivery of Books Act Divisiong599.00l3oS GREpEN-128145r2026-06-29 17:23:31s2026-06-29t1v599.00w2025-10-22yEN